| 000 | 00464nam a2200193Ia 4500 | ||
|---|---|---|---|
| 005 | 20250603145459.0 | ||
| 008 | 250603s9999 xx 000 0 und d | ||
| 020 | _a9780199206070 | ||
| 050 | _aRC 86.8 .W93/ | ||
| 100 | _a Wyatt P. Jonathan | ||
| 245 | 0 | _aOxford handbook of emergency medicine | |
| 250 | _a4th ed. | ||
| 260 | _aNew York | ||
| 260 | _b Oxford University Press | ||
| 260 | _c2018 | ||
| 300 | _a749 p | ||
| 650 | _aNew York | ||
| 942 | _cBK | ||
| 999 |
_c41979 _d41979 |
||